10 random flags related to the United States - Statistics

General Stats
  • This quiz has been taken 26 times
  • The average score is 9 of 10
Answer Stats
Hint Answer % Correct
Alabama
100%
Alaska
100%
Arkansas
100%
California
100%
Colorado
100%
Delaware
100%
Florida
100%
Hawaii
100%
Idaho
100%
Illinois
100%
Indiana
100%
Kansas
100%
Kentucky
100%
Maine
100%
Maryland
100%
Massachusetts
100%
Minnesota
100%
Missouri
100%
Montana
100%
Navajo nation
100%
Naval ensign of Maine
100%
Nevada
100%
New Hampshire
100%
New Jersey
100%
New Mexico
100%
North Carolina
100%
Northern Mariana Islands
100%
Oklahoma
100%
Oregon (reverse of the flag)
100%
Pennsylvania
100%
Rhode Island
100%
South Carolina
100%
South Dakota
100%
Unitee States
100%
U.S. Virgin Islands
100%
Virginia
100%
Washington
100%
Wisconsin
100%
Wyoming
100%
New York
67%
Washington D.C.
50%
American Samoa
0%
Arizona
0%
Cherokee nation
0%
Connecticut
0%
Georgia
0%
Guam
0%
Hopi nation
0%
Iowa
0%
Louisiana
0%
Michigan
0%
Naval ensign of Massachusetts
0%
Nebraska
0%
North Dakota
0%
Ohio
0%
Oregon (obverse of the flag)
0%
Osage nation
0%
Puerto Rico
0%
Tennessee
0%
Texas
0%
Tohono O'odham nation
0%
Uintah and Ouray Indian Reservation
0%
Utah
0%
Vermont
0%
West Virginia
0%
No matching quizzes found
Score Distribution
Percent of People with Each Score
Percentile by Number Answered
Your Score History
You have not taken this quiz